1418 1272 1525 1259 1451 1676 1888 1942 1696 1377 1532 1731 1737 1105 1388 1587 1007 1501 1506 1750 1415 1658 1961 1314 1952 1078 1261 1710 1386 1943 1210 1580 1389 1751 1842 1852 1926 1559 1109 1542 1564 1543 1429 1823 1068 1590 1295 1497 1250 1580 1748 1348 1942 1559 1780 1111 1721 1168 1908 1967 1757 1256 1726 1738 1000 1067 1750 1421 1323 1743 1080 1446 1509 1952 1606 1393 1474 1415 1403 1175 1471 1151 1659 1913 1553 1084 1510 1435 1145 1436 1305 1114 1479 1979 1683 1284 1397 1375 1008 BCNSPRNW ULIB Ver.6.0+V

เปลี่ยนเป็นภาษาไทย

Change to English
 แสดงรายละเอียดบรรณานุกรม
  กลับหน้าหลัก

Brief Record : Get Marc (ISO 2709) : E-mail record : QR code < ปิดหน้าต่าง
LEADER : 00000nam 2200000uu 4500
001    13399114341
003     ULIB
008    120323s2550||||th 000 0 tha d
020    ^a9749698185
020    ^a9789749698181
050  4 ^aPE1130.T5^bi951ภ 2550
100 1  ^aไรท์, คริสโตเฟอร์
245 10 ^aภาษาอังกฤษแบบฝรั่งเข้าใจคนไทยเก็ท :^bสไตล์ครูเด็กแนว /^cChristopher Wright
250    ^aพิมพ์ครั้งที่ 12
260    ^aกรุงเทพฯ :^bเนชั่นมัลติมีเดีย กรุ๊ป,^c2550
300    ^a183 [4] หน้า :^bภาพประกอบ ;^c21 ซม.
650  4 ^aภาษาอังกฤษ^xการใช้ภาษา
945    ^p160^l0^i14141
995    ^aกัณชพร
999 ^a ใช้งานได้ทุกระบบ
รายการนี้ยังไม่มีแท็ก
คุณยังไม่ได้ล็อกอิน คุณสามารถมีกิจกรรมร่วมกับเว็บไซต์ได้ แต่ต้องล็อกอินก่อน ::
  ล็อกอิน

รายการสื่อสารสนเทศ

ลำดับที่ ประเภท เลขเรียก/บาร์โค้ด สถานที่ สถานะ
- ไม่พบข้อมูล -

รายการใกล้เคียง
    ผู้แต่ง [ไรท์, คริสโตเฟอร์]

    หัวเรื่อง [ภาษาอังกฤษ การใช้ภาษา]

BibComment


ยังไม่เคยถูกคอมเมนท์

คอมเมนท์ทรัพยากรรายการนี้
  คอมเมนท์: ภาษาอังกฤษแบบฝรั..


 Copyright 2026. Bcnsprnw @Library